Catálogo
 En Linea

Pobreza y exclusión social en el Principado de Asturias / (Registro nro. 41275)

Detalles MARC
000 -CABECERA
campo de control de longitud fija 01187nam a2200241 a 4500
001 - NÚMERO DE CONTROL
campo de control 000041786
005 - FECHA Y HORA DE LA ÚLTIMA TRANSACCIÓN
campo de control 20201002035744.0
008 - DATOS DE LONGITUD FIJA--INFORMACIÓN GENERAL
campo de control de longitud fija 131030s2004 sp ad 000 0 spa d
020 ## - NÚMERO INTERNACIONAL ESTÁNDAR DEL LIBRO
Número Internacional Estándar del Libro 840008215x
040 ## - FUENTE DE LA CATALOGACIÓN
Centro catalogador/agencia de origen DO-SdBNP
Lengua de catalogación spa
Centro/agencia transcriptor BNPHU
100 1# - ENTRADA PRINCIPAL--NOMBRE DE PERSONA
Nombre de persona Pérez Yruela, Manuel
9 (RLIN) 59677
245 13 - MENCIÓN DE TÍTULO
Título Pobreza y exclusión social en el Principado de Asturias /
Mención de responsabilidad, etc. Manuel Pérez Yruela, Gregorio Rodríguez Cabrero y Manuel Trujillo Carmona ; con la colaboración de José María Pérez Hernández en los capítulos 4 y 5.
260 ## - PUBLICACIÓN, DISTRIBUCIÓN, ETC.
Lugar de publicación, distribución, etc. Córdoba :
Nombre del editor, distribuidor, etc. Instituto de Estudios Sociales Avanzados de Andalucía
-- Consejo Superior de Investigaciones Científicas,
Fecha de publicación, distribución, etc. 2004.
300 ## - DESCRIPCIÓN FÍSICA
Extensión 524 p. :
Otras características físicas il.gráf. ;
Dimensiones 24 cm.
490 1# - MENCIÓN DE SERIE
Mención de serie Politeya. Estudios de Economía y Sociedad
Designación de volumen o secuencia 20
504 ## - NOTA DE BIBLIOGRAFÍA, ETC.
Nota de bibliografía, etc. Bibliografía : p. 289-321
504 ## - NOTA DE BIBLIOGRAFÍA, ETC.
Nota de bibliografía, etc. Incluye referencias bibliográficas y notas al pie de las páginas
710 2# - PUNTO DE ACCESO ADICIONAL--NOMBRE DE ENTIDAD CORPORATIVA
Nombre de entidad corporativa o nombre de jurisdicción como elemento de entrada Consejo Superior de Investigaciones Científicas (España)
9 (RLIN) 15178
700 1# - PUNTO DE ACCESO ADICIONAL--NOMBRE DE PERSONA
Nombre de persona Rodríguez Cabrero, Gregorio
9 (RLIN) 15698
700 1# - PUNTO DE ACCESO ADICIONAL--NOMBRE DE PERSONA
Nombre de persona Trujillo Carmona, Manuel
9 (RLIN) 59679
700 1# - PUNTO DE ACCESO ADICIONAL--NOMBRE DE PERSONA
Nombre de persona Pérez Hernández, José María
9 (RLIN) 68645
830 #0 - PUNTO DE ACCESO ADICIONAL DE SERIE-TÍTULO UNIFORME
Título uniforme Politeya. Estudios de Economía y Sociedad ;
Designación de volumen o secuencia 20
9 (RLIN) 68646
Existencias
Estado de retiro Estado de pérdida Restricciones de uso No para préstamo Código de colección Localización permanente Ubicación/localización actual Ubicación en estantería Fecha de adquisición Número de inventario Total de préstamos Signatura topográfica completa Código de barras Fecha visto por última vez Precio válido a partir de Tipo de ítem Koha
        Monografías: Libros y Folletos General General Orden iniciada 17.10.2013 LF1   41786-10 25.06.2020 25.06.2020 No se presta

Con tecnología Koha